Denver Nuggets Starters of the Last 10 Years - Statistics

General Stats
  • This quiz has been taken 16 times
    4 since last reset
  • The average score is 29 of 54
Answer Stats
Games Year(s) Position Before Nuggets Player % Correct
316 2021-26 PF/C Orlando Magic Aaron Gordon
100%
131 2023-26 SG/SF Kansas Christian Braun
100%
6 2026 PF Dayton DaRon Holmes
100%
15 2023-25 C Philadelphia 76ers DeAndre Jordan
100%
243 2017-21 SG/PG Michigan State Gary Harris
100%
4 2025-26 SF/PF Clemson Hunter Tyson
100%
22 2025-26 SG/PG Penn State Jalen Pickett
100%
537 2017-21, 2023-26 PG/SG Denver Nuggets Jamal Murray
100%
6 2026 C Sacramento Kings Jonas Valanciunas
100%
18 2025-26 SG/SF Gonzaga Julian Strawther
100%
29 2017 C Cedevita (Croatia) Jusuf Nurkic
100%
152 2023-24 SG/PG Washington Wizards Kentavious Caldwell-Pope
100%
291 2020-25 SF/PF Missouri Michael Porter Jr.
100%
714 2017-26 C/PF Mega Basket (Serbia) Nikola Jokic
100%
186 2018-21 PF/SF Atlanta Hawks Paul Millsap
100%
64 2023-26 PF/SF UCLA Peyton Watson
100%
36 2025 PG Los Angeles Clippers Russell Westbrook
100%
6 2026 SG Detroit Pistons Tim Hardaway Jr.
100%
278 2017-22 SF/SG Portland Trail Blazers Will Barton
100%
2 2021 PF Oregon Bol Bol
50%
35 2023, 2026 SF/SG Brooklyn Nets Bruce Brown
50%
54 2026 SF Brooklyn Nets Cameron Johnson
50%
4 2025 C/PF Golden State Warriors Dario Saric
50%
23 2021-22 PG Real Madrid (Spain) Facundo Campazzo
50%
13 2021-22 PF/SF Los Angeles Clippers JaMychal Green
50%
67 2022-23 SF/PF Brooklyn Nets Jeff Green
50%
24 2020 PF/SF Oklahoma City Thunder Jerami Grant
50%
37 2017-19 SF/PF Estudiantes (Spain) Juancho Hernangomez
50%
41 2017-18 PF/C Morehead State Kenneth Faried
50%
19 2017, 2019 SG/PG Florida State Malik Beasley
50%
54 2017-20 PF/C Portland Trail Blazers Mason Plumlee
50%
105 2019-22 PG Iowa State Monte Morris
50%
6 2021 SG Boston Celtics PJ Dozier
50%
25 2023-24 PG Los Angeles Clippers Reggie Jackson
50%
37 2026 SF Stanford Spencer Jones
50%
69 2018-20 SF/SG Gold Coast Rollers (Australia) Torrey Craig
50%
2 2026 PG Dallas Mavericks Tyus Jones
50%
11 2021-23 PF Burgos (Spain) Vlatko Cancar
50%
15 2021-26 C/PF Arizona Zeke Nnaji
50%
23 2021-22 SG/SF New York Knicks Austin Rivers
0%
5 2022-23 PG VCU Bones Hyland
0%
1 2022 SG San Antonio Spurs Bryn Forbes
0%
63 2017 SF/PF New York Knicks Danilo Gallinari
0%
8 2017-18 PF/C Memphis Grizzlies Darrell Arthur
0%
6 2022-23 SG Grand Rapids Gold Davon Reed
0%
2 2022 C Milwaukee Bucks DeMarcus Cousins
0%
41 2017 PG/SG Guangdong Southern Tigers (China) Emmanuel Mudiay
0%
54 2016-17 PG Boston Celtics Jameer Nelson
0%
1 2021 C Cleveland Cavaliers JaVale McGee
0%
9 2024 SG Dallas Mavericks Justin Holiday
0%
1 2021 PG Marquette Markus Howard
0%
1 2023 C Los Angeles Lakers Thomas Bryant
0%
4 2018-19 PF Utah Jazz Trey Lyles
0%
104 2017-18 SF/PF Zhejiang Lions (China) Wilson Chandler
0%
No matching quizzes found
Score Distribution
Percent of People with Each Score
Percentile by Number Answered
Your Score History
You have not taken this quiz since the last reset